| 000 | 00515nam a2200205Ia 4500 | ||
|---|---|---|---|
| 999 |
_c65623 _d65623 |
||
| 003 | GCL | ||
| 005 | 20240530110835.0 | ||
| 008 | 140319s9999 xx 000 0 eng d | ||
| 040 |
_aGCL / _cGCL |
||
| 082 | 0 | 4 |
_a709.024 _bC R |
| 100 | 1 | _aCOLE , ALISON | |
| 245 | 1 | 0 |
_aLA RENAISSANCE DANS LES COURS ITALIENNES / _cCOLE , ALISON |
| 260 |
_a[S.N] : _bFLAMMARION ، _c1995 |
||
| 300 | _a175 P | ||
| 650 | 0 | 4 | _aRENAISSANCE ART |
| 650 | 0 | 4 | _aARTS |
| 650 | 0 | 4 | _aARTISTS |
| 650 | 0 | 4 | _aART - HISTORY |
| 942 |
_2ddc _cBK |
||